000 00726nam a2200205 i 4500
001 60011
003 ES-MaACL
005 20230906164135.0
007 t|
008 031031s1970 sp f |||| | spa d
245 0 3 _aEl Ermitage, Leningrado
_b: maestros franceses del siglo XX /
_cprefacio de A.N. Izerguina ; [traducción de V. Riera Llorca ; revisado por J. Soler Vidal].
260 _aBarcelona :
_bMontaner y Simón,
_c[1970]
300 _a4 h. 90 lám. ;
_c31 cm.
610 2 4 _aGosudarstvennyj Èrmitaz.
_9157954
650 4 _aPintura francesa-
_yS.XX.
_9161970
700 1 _aIzerguina, A. N.
_965690
700 1 _aRiera Llorca, Vicenç.
_997126
700 1 _aSoler Vidal, Josep.
_9107196
852 _aES-MaACL
_jC-41697
999 _c60011
_d60011